[Event "Czech Chess Christmas 2005"]
[Site "Litomysl (CZE)"]
[Date "2005.12.30"]
[Round "6.22"]
[White "Kurtyka, Barbara"]
[Black "Novotny, Michal"]
[Result "0-1"]
[WhiteElo "1946"]
[BlackElo "2233"]
[PlyCount "100"]
[EventDate "2005.12.26"]

1. c4 Nf6 2. Nc3 d5 3. cxd5 Nxd5 4. g3 g6 5. Bg2 Nb6 6. d3 Bg7 7. Nf3 O-O 8.
O-O Nc6 9. a3 Rb8 10. Bd2 Bg4 11. Rc1 Qd7 12. b4 Bh3 13. Qc2 Bxg2 14. Kxg2 e5
15. Ne4 Qd5 16. Qc5 Nd4 17. Qxd5 Nxd5 18. Nxd4 exd4 19. Nc5 Rfe8 20. Rfe1 Re7
21. Nb3 c6 22. Rc4 Rbe8 23. Kf1 Nb6 24. Rc2 a6 25. Bf4 f5 26. Bg5 Rf7 27. Bc1
h6 28. h4 Kh7 29. Nd2 Rd8 30. Nf3 Bf6 31. Kg2 Nd5 32. Bd2 Re7 33. Bc1 Kg7 34.
Rh1 Nc7 35. Re1 Ne6 36. Rh1 g5 37. hxg5 hxg5 38. Bd2 Kg6 39. Rcc1 Nc7 40. Rh2
g4 41. Nh4+ Bxh4 42. Rxh4 Rxe2 43. Rh6+ Kg7 44. Bg5 Rh8 45. Rxh8 Kxh8 46. Bf6+
Kg8 47. Bxd4 Nb5 48. Be3 Nxa3 49. Rc5 Nc2 50. Rxf5 Nxe3+ 0-1

[Event "Czech Chess Christmas 2005"]
[Site "Litomysl (CZE)"]
[Date "2005.12.30"]
[Round "6.23"]
[White "Bartel, Michal"]
[Black "Svoboda, Vaclav"]
[Result "1-0"]
[WhiteElo "2230"]
[BlackElo "2008"]
[PlyCount "47"]
[EventDate "2005.12.26"]

1. e4 c5 2. Ne2 Nc6 3. g3 d5 4. Bg2 dxe4 5. Bxe4 Nf6 6. Bg2 Bg4 7. h3 Bh5 8. d3
Qd7 9. Be3 e6 10. Nbc3 Be7 11. Qd2 Bg6 12. Nf4 Nd4 13. g4 Rb8 14. O-O O-O 15.
Rad1 Rfd8 16. Nxg6 hxg6 17. f4 b5 18. Qf2 b4 19. Ne4 Nd5 20. Nxc5 Bxc5 21. Bxd4
Be7 22. Kh1 a5 23. Rde1 Nxf4 24. Qxf4 1-0

[Event "Czech Chess Christmas 2005"]
[Site "Litomysl (CZE)"]
[Date "2005.12.30"]
[Round "6.27"]
[White "Kastner, Kamil"]
[Black "Kantorik, Marian"]
[Result "1/2-1/2"]
[WhiteElo "2015"]
[BlackElo "2326"]
[PlyCount "61"]
[EventDate "2005.12.26"]

1. e4 Nf6 2. e5 Nd5 3. c4 Nb6 4. d4 d6 5. exd6 exd6 6. Bd3 Be7 7. Nc3 Nc6 8.
Be3 O-O 9. b3 Bf6 10. Nge2 Bg4 11. Qd2 Bxe2 12. Nxe2 d5 13. c5 Nc8 14. O-O b6
15. Rac1 N8e7 16. Bb5 Nb8 17. Nf4 a6 18. Be2 g6 19. Bf3 b5 20. Ne2 Nbc6 21. Bg5
Bh8 22. Rfd1 Qd7 23. Qf4 Rfe8 24. Bg4 f5 25. Bf3 Nd8 26. Qh4 Ne6 27. Bxe7 Qxe7
28. Qxe7 Rxe7 29. Bxd5 c6 30. Bxc6 Rd8 31. b4 1/2-1/2

[Event "Czech Chess Christmas 2005"]
[Site "Litomysl (CZE)"]
[Date "2005.12.30"]
[Round "6.29"]
[White "Plat, Vojtech"]
[Black "Leks, Hanna"]
[Result "1/2-1/2"]
[WhiteElo "1996"]
[BlackElo "2209"]
[PlyCount "73"]
[EventDate "2005.12.26"]

1. e4 c5 2. Nf3 d6 3. d4 cxd4 4. Nxd4 Nf6 5. Nc3 Nc6 6. Be2 e5 7. Nb3 Be7 8.
O-O O-O 9. Bg5 Be6 10. Qd2 a5 11. a4 Nb4 12. Rad1 Rc8 13. Bxf6 Bxf6 14. Qxd6
Nxc2 15. Qxd8 Bxd8 16. Nd5 f5 17. exf5 Bxf5 18. Nc3 Nb4 19. Nd2 Bc2 20. Ra1 Bd3
21. Bxd3 Nxd3 22. Nde4 Nxb2 23. Rab1 Nd3 24. Rxb7 Nc5 25. Rb5 Nxe4 26. Nxe4 Rc4
27. Nc5 Re8 28. Rd1 e4 29. Nb7 Bc7 30. Nxa5 Rxa4 31. Nb3 Ra2 32. Rbd5 Rb8 33.
Nd2 Rb4 34. Nf1 Bb6 35. R5d2 Rab2 36. Rxb2 Rxb2 37. Ne3 1/2-1/2

[Event "Czech Chess Christmas 2005"]
[Site "Litomysl (CZE)"]
[Date "2005.12.30"]
[Round "6.30"]
[White "Jurkiewicz, Krzysztof"]
[Black "Kastner, Vojtech"]
[Result "1-0"]
[WhiteElo "2151"]
[BlackElo "1953"]
[PlyCount "45"]
[EventDate "2005.12.26"]

1. d4 e6 2. Nf3 Nf6 3. Bg5 Be7 4. c4 b6 5. Nc3 Bb7 6. Qc2 h6 7. Bxf6 Bxf6 8. e3
d5 9. cxd5 exd5 10. O-O-O O-O 11. h4 c5 12. dxc5 bxc5 13. Nxd5 Bxd5 14. Bc4 Qb6
15. Rxd5 Nc6 16. Rd6 Rab8 17. Rxf6 gxf6 18. Qg6+ Kh8 19. Qxh6+ Kg8 20. Qg6+ Kh8
21. Qxf6+ Kg8 22. Rh3 Ne7 23. Rg3+ 1-0

[Event "Czech Chess Christmas 2005"]
[Site "Litomysl (CZE)"]
[Date "2005.12.30"]
[Round "6.33"]
[White "Simek, Jan"]
[Black "Fuchs, Georg"]
[Result "1-0"]
[WhiteElo "1991"]
[BlackElo "2237"]
[PlyCount "39"]
[EventDate "2005.12.26"]

1. e4 e5 2. Nf3 Nc6 3. Bb5 Nf6 4. O-O Nxe4 5. d4 Nd6 6. Bxc6 dxc6 7. dxe5 Nf5
8. Qxd8+ Kxd8 9. Nc3 h6 10. b3 b6 11. Bb2 Be6 12. h3 c5 13. Rfd1+ Kc8 14. Nd5
g5 15. Rd2 c6 16. Nf6 Be7 17. Rad1 Kc7 18. g4 Nh4 19. Nxh4 gxh4 20. Rd7+ 1-0

[Event "Czech Chess Christmas 2005"]
[Site "Litomysl (CZE)"]
[Date "2005.12.30"]
[Round "6.34"]
[White "Heller, Roland"]
[Black "Dorjkhu, Tuvsinbajar"]
[Result "1-0"]
[WhiteElo "1868"]
[BlackElo "2137"]
[PlyCount "31"]
[EventDate "2005.12.26"]

1. e4 e6 2. d4 d5 3. Nc3 dxe4 4. Nxe4 Be7 5. Nf3 Nd7 6. Bd3 Ngf6 7. Qe2 O-O 8.
Neg5 Re8 9. Bd2 h6 10. h4 c5 11. Bg6 fxg6 12. Qxe6+ Kh8 13. Nf7+ Kh7 14. N3g5+
hxg5 15. hxg5+ Nh5 16. Rxh5+ 1-0

[Event "Czech Chess Christmas 2005"]
[Site "Litomysl (CZE)"]
[Date "2005.12.30"]
[Round "7.4"]
[White "Urbanec, Ladislav"]
[Black "Moldovan, Daniel"]
[Result "1-0"]
[WhiteElo "2260"]
[BlackElo "2425"]
[PlyCount "71"]
[EventDate "2005.12.26"]

1. e4 c5 2. Nf3 Nc6 3. d4 cxd4 4. Nxd4 Nf6 5. Nc3 d6 6. Bg5 e6 7. Qd2 a6 8.
O-O-O Bd7 9. f4 b5 10. a3 Qb6 11. e5 dxe5 12. Ndxb5 axb5 13. Bxf6 Ra7 14. Nxb5
gxf6 15. Nxa7 Qxa7 16. Bb5 Bc5 17. Rhe1 Ke7 18. Bxc6 Bxc6 19. fxe5 Rc8 20.
exf6+ Ke8 21. Qg5 Bf8 22. Qg8 Bd7 23. Rd2 h6 24. Red1 Rc7 25. Qg3 Qb6 26. Rd3
Qa5 27. Kb1 Rb7 28. Qf3 Qa6 29. Rc3 Qa7 30. Qd3 Qa8 31. Rb3 Qc8 32. g4 Rxb3 33.
Qxb3 Bc5 34. h4 Bf2 35. g5 Bxh4 36. Qb4 1-0

[Event "Czech Chess Christmas 2005"]
[Site "Litomysl (CZE)"]
[Date "2005.12.30"]
[Round "7.5"]
[White "Bernasek, Jan"]
[Black "Biolek, Richard"]
[Result "1-0"]
[WhiteElo "2440"]
[BlackElo "2454"]
[PlyCount "85"]
[EventDate "2005.12.26"]

1. d4 g6 2. c4 Bg7 3. Nc3 d6 4. Nf3 e5 5. g3 Nc6 6. d5 Nce7 7. Bg2 h6 8. e4 f5
9. exf5 gxf5 10. Be3 Nf6 11. h3 O-O 12. Qd2 Kh7 13. O-O-O Ng6 14. Qc2 e4 15.
Nd4 Ne5 16. g4 fxg4 17. Nxe4 Kg8 18. Rdg1 Qe7 19. Ng3 Qe8 20. Ngf5 h5 21. hxg4
Nexg4 22. Bh3 Qe5 23. Bxg4 hxg4 24. Ne6 Bxe6 25. dxe6 Qxe6 26. Nxg7 Kxg7 27.
Bh6+ Kf7 28. Re1 Qxe1+ 29. Rxe1 Rae8 30. Rxe8 Rxe8 31. Qf5 Re1+ 32. Kc2 Re5 33.
Qd3 a6 34. Be3 Re4 35. Bg5 Re5 36. Bxf6 Kxf6 37. Kd2 a5 38. Qd4 Kg5 39. Qa7 Rf5
40. Ke2 Re5+ 41. Kf1 Rc5 42. Qxb7 Rxc4 43. Qb3 1-0

[Event "Czech Chess Christmas 2005"]
[Site "Litomysl (CZE)"]
[Date "2005.12.30"]
[Round "7.6"]
[White "Plischki, Sebastian"]
[Black "Priehoda, Vitezslav"]
[Result "1/2-1/2"]
[WhiteElo "2369"]
[BlackElo "2404"]
[PlyCount "22"]
[EventDate "2005.12.26"]

1. d4 e6 2. c4 b6 3. a3 f5 4. Nc3 Nf6 5. g3 Bb7 6. d5 Bd6 7. Bg2 O-O 8. Nh3 Qe7
9. O-O c6 10. Re1 cxd5 11. cxd5 Na6 1/2-1/2

[Event "Czech Chess Christmas 2005"]
[Site "Litomysl (CZE)"]
[Date "2005.12.30"]
[Round "7.9"]
[White "Gumula, Daniel"]
[Black "Kulhanek, Tomas"]
[Result "0-1"]
[WhiteElo "2293"]
[BlackElo "2392"]
[PlyCount "54"]
[EventDate "2005.12.26"]

1. e4 c5 2. Nf3 Nc6 3. d4 cxd4 4. Nxd4 g6 5. c4 Bg7 6. Be3 d6 7. Nc3 Nh6 8. Be2
O-O 9. O-O f5 10. Nxc6 bxc6 11. Bd4 e5 12. Be3 f4 13. Bd2 g5 14. f3 Rf6 15. Be1
Rg6 16. c5 g4 17. cxd6 g3 18. d7 Bxd7 19. h3 Qb6+ 20. Kh1 Bxh3 21. Qb3+ Be6 22.
Qxb6 axb6 23. b4 Bf8 24. Rb1 c5 25. Nd5 Bxd5 26. exd5 Nf5 27. Rg1 Rh6# 0-1

[Event "Czech Chess Christmas 2005"]
[Site "Litomysl (CZE)"]
[Date "2005.12.30"]
[Round "7.10"]
[White "Jackova, Jana"]
[Black "Sabol, Marian"]
[Result "1/2-1/2"]
[WhiteElo "2389"]
[BlackElo "2287"]
[PlyCount "39"]
[EventDate "2005.12.26"]

1. e4 c6 2. d4 d5 3. Nd2 dxe4 4. Nxe4 Nf6 5. Ng3 Bg4 6. Qd3 e6 7. h3 Bh5 8.
Nxh5 Nxh5 9. Be2 Bd6 10. g3 Nf6 11. Bf3 Nbd7 12. Bd2 O-O 13. O-O-O e5 14. g4
Re8 15. Re1 exd4 16. Rxe8+ Nxe8 17. Qxd4 Be5 18. Qe3 Qb6 19. Qxb6 axb6 20. a3
1/2-1/2

[Event "Czech Chess Christmas 2005"]
[Site "Litomysl (CZE)"]
[Date "2005.12.30"]
[Round "7.15"]
[White "Cernousek, Lukas"]
[Black "Kukla, Maciej"]
[Result "0-1"]
[WhiteElo "2379"]
[BlackElo "1972"]
[PlyCount "102"]
[EventDate "2005.12.26"]

1. Nf3 Nf6 2. c4 g6 3. Nc3 Bg7 4. d4 d6 5. g3 O-O 6. Bg2 Nbd7 7. O-O e5 8. e4
exd4 9. Nxd4 Nc5 10. h3 Nfd7 11. Be3 a5 12. Ndb5 Ne5 13. b3 Ned3 14. Bd4 c6 15.
Bxg7 Kxg7 16. Nd4 Qf6 17. Nde2 Be6 18. a3 b5 19. b4 axb4 20. axb4 Rxa1 21. Qxa1
Nb3 22. Qa6 Bxc4 23. Qxc6 Nd2 24. Nd5 Qb2 25. Qxd6 Nxf1 26. Bxf1 Qe5 27. Qc6
Bxd5 28. Qxd5 Qxd5 29. exd5 Nxb4 30. Nc3 Rc8 31. Nxb5 Nxd5 32. h4 Kf6 33. Nd6
Rc1 34. Kg2 Ke6 35. Ne4 h6 36. Nd2 Ne3+ 37. fxe3 Rc2 38. Bc4+ Ke7 39. Kf3 Rxd2
40. Ke4 Rg2 41. Kf3 Rc2 42. Bd5 Rc3 43. Kf4 Rc1 44. Kf3 Kd6 45. Bb3 Ke5 46. Kf2
f5 47. Bf7 g5 48. hxg5 hxg5 49. Bg6 Rc2+ 50. Kg1 g4 51. Bh7 Ke4 0-1

[Event "Czech Chess Christmas 2005"]
[Site "Litomysl (CZE)"]
[Date "2005.12.30"]
[Round "7.18"]
[White "Matras, Agnieszka"]
[Black "Riedl, Johannes"]
[Result "1-0"]
[WhiteElo "2246"]
[BlackElo "2117"]
[PlyCount "35"]
[EventDate "2005.12.26"]

1. e4 e6 2. d4 d5 3. Nd2 Nc6 4. Ngf3 f5 5. exf5 exf5 6. Bb5 Bd6 7. O-O Nge7 8.
c4 O-O 9. Re1 Ng6 10. cxd5 Nce7 11. Bc4 Nf4 12. Nf1 Neg6 13. Ng3 Kh8 14. Ne5
Nxg2 15. Kxg2 f4 16. Nh5 Nh4+ 17. Kh1 Bh3 18. Bd3 1-0

[Event "Czech Chess Christmas 2005"]
[Site "Litomysl (CZE)"]
[Date "2005.12.30"]
[Round "7.23"]
[White "Kantorik, Marian"]
[Black "Motyl, Tomasz"]
[Result "1/2-1/2"]
[WhiteElo "2326"]
[BlackElo "2070"]
[PlyCount "48"]
[EventDate "2005.12.26"]

1. d4 d6 2. e4 g6 3. Be3 Bg7 4. Nc3 a6 5. Qd2 b5 6. f3 Bb7 7. O-O-O Nd7 8. h4
h5 9. Nh3 c5 10. dxc5 Nxc5 11. Kb1 Rc8 12. Bd4 Bxd4 13. Qxd4 Nf6 14. Ng5 Qb6
15. Qd2 b4 16. Ne2 a5 17. Nd4 O-O 18. g4 e5 19. gxh5 Nxh5 20. Nb3 Nxb3 21. axb3
d5 22. exd5 Bxd5 23. Qe1 Qc6 24. Bd3 Nf4 1/2-1/2

[Event "Czech Chess Christmas 2005"]
[Site "Litomysl (CZE)"]
[Date "2005.12.30"]
[Round "7.27"]
[White "Leks, Hanna"]
[Black "Mucha, Marcin"]
[Result "1/2-1/2"]
[WhiteElo "2209"]
[BlackElo "2051"]
[PlyCount "51"]
[EventDate "2005.12.26"]

1. e4 e6 2. d4 d5 3. Nc3 Nf6 4. e5 Nfd7 5. f4 c5 6. Nf3 Nc6 7. Be3 a6 8. Qd2
cxd4 9. Nxd4 Bc5 10. O-O-O Nxd4 11. Bxd4 Qc7 12. h4 b5 13. Qe3 b4 14. Ne2 a5
15. Bxc5 Qxc5 16. Qxc5 Nxc5 17. Nd4 O-O 18. Bd3 Ba6 19. Kd2 Na4 20. Rb1 Rfc8
21. g4 Nc5 22. f5 Re8 23. Rhe1 Bc4 24. b3 Ba6 25. h5 a4 26. Rb2 1/2-1/2

[Event "Czech Chess Christmas 2005"]
[Site "Litomysl (CZE)"]
[Date "2005.12.31"]
[Round "8.1"]
[White "Dydyshko, Viacheslav"]
[Black "Urbanec, Ladislav"]
[Result "1-0"]
[WhiteElo "2551"]
[BlackElo "2260"]
[PlyCount "65"]
[EventDate "2005.12.26"]

1. d4 Nf6 2. c4 e6 3. Nc3 Bb4 4. e3 d5 5. Qa4+ Nc6 6. Nf3 O-O 7. Bd2 dxc4 8.
Bxc4 a6 9. Qc2 Be7 10. a3 b5 11. Bd3 Bb7 12. O-O h6 13. Rfd1 Qd6 14. Rac1 Rac8
15. Ne4 Nxe4 16. Bxe4 Nd8 17. Bxb7 Nxb7 18. Bb4 c5 19. dxc5 Qc7 20. c6 Bxb4 21.
axb4 Nd8 22. Nd4 g6 23. Qe4 Qe7 24. Rc5 Rc7 25. Ra1 Ra7 26. Qe5 Rc7 27. Rxa6 f6
28. Qg3 g5 29. h4 Qg7 30. Qf3 f5 31. Nxb5 e5 32. Nxc7 Qxc7 33. Qd5+ 1-0

[Event "Czech Chess Christmas 2005"]
[Site "Litomysl (CZE)"]
[Date "2005.12.31"]
[Round "8.3"]
[White "Vokac, Marek"]
[Black "Zawadzki, Stanislaw"]
[Result "1/2-1/2"]
[WhiteElo "2445"]
[BlackElo "2404"]
[PlyCount "78"]
[EventDate "2005.12.26"]

1. g3 d5 2. Bg2 c6 3. d3 g6 4. Nc3 Bg7 5. Nf3 Nf6 6. O-O O-O 7. e4 dxe4 8. dxe4
Na6 9. Qe2 Qb6 10. h3 Nc7 11. a4 a5 12. Ra3 Ne6 13. Be3 Qc7 14. Rb3 Nd7 15. Qc4
b6 16. Ra3 Ba6 17. Qa2 Bxf1 18. Bxf1 Nec5 19. Qc4 h6 20. Ra1 Rad8 21. Re1 e5
22. h4 h5 23. Bh3 Bf6 24. Rd1 Kg7 25. Ng5 Be7 26. Kg2 f6 27. Nf3 Rfe8 28. g4
hxg4 29. Bxg4 Rh8 30. h5 g5 31. Rh1 Rh6 32. Ne2 b5 33. Qa2 Nxe4 34. Bf5 Nd6 35.
Ng3 Rdh8 36. Qe6 Nf8 37. Qa2 Nd7 38. Qe6 Nf8 39. Qa2 Nd7 1/2-1/2

[Event "Czech Chess Christmas 2005"]
[Site "Litomysl (CZE)"]
[Date "2005.12.31"]
[Round "8.4"]
[White "Szoen, Dariusz"]
[Black "Zeberski, Jakub"]
[Result "0-1"]
[WhiteElo "2450"]
[BlackElo "2384"]
[PlyCount "80"]
[EventDate "2005.12.26"]

1. d4 f5 2. c4 Nf6 3. g3 e6 4. Bg2 c6 5. Nh3 d5 6. O-O Bd6 7. Nd2 O-O 8. b3 a5
9. Bb2 Na6 10. f3 c5 11. cxd5 Nxd5 12. Nc4 Be7 13. e4 b5 14. exd5 bxc4 15. f4
exd5 16. bxc4 Rb8 17. Bxd5+ Kh8 18. Bc3 cxd4 19. Bxd4 Nb4 20. Be5 Nxd5 21. cxd5
Bc5+ 22. Nf2 Rb5 23. Rc1 Bxf2+ 24. Rxf2 Rxd5 25. Qb3 Be6 26. Qc3 Rd7 27. Rb2
Qa8 28. Qc5 Rfd8 29. Kf2 Rd3 30. Qc6 Qa7+ 31. Qc5 Qf7 32. Rc3 R3d7 33. Qe3 Qh5
34. h4 Qd1 35. Rcc2 Rd3 36. Qe2 Qh1 37. Rb8 Qh2+ 38. Kf1 Rd1+ 39. Qxd1 Qh1+ 40.
Kf2 Qxd1 0-1

[Event "Czech Chess Christmas 2005"]
[Site "Litomysl (CZE)"]
[Date "2005.12.31"]
[Round "8.5"]
[White "Kukla, Maciej"]
[Black "Gajewski, Grzegorz"]
[Result "0-1"]
[WhiteElo "1972"]
[BlackElo "2461"]
[PlyCount "52"]
[EventDate "2005.12.26"]

1. e4 c5 2. Nf3 e6 3. d4 cxd4 4. Nxd4 a6 5. Bd3 Bc5 6. Nb3 Be7 7. c4 d6 8. Nc3
Nf6 9. O-O Nbd7 10. f4 Qc7 11. Qf3 O-O 12. Be3 b6 13. Qh3 Bb7 14. Rae1 g6 15.
g4 b5 16. cxb5 axb5 17. g5 Nh5 18. Nxb5 Qd8 19. Ra1 e5 20. f5 Bxg5 21. Nxd6 Ba6
22. Nb5 Bxe3+ 23. Qxe3 Nf4 24. Rxf4 exf4 25. Qxf4 Bxb5 26. Bxb5 Qb6+ 0-1

[Event "Czech Chess Christmas 2005"]
[Site "Litomysl (CZE)"]
[Date "2005.12.31"]
[Round "8.6"]
[White "Moldovan, Daniel"]
[Black "Bartel, Michal"]
[Result "1-0"]
[WhiteElo "2425"]
[BlackElo "2230"]
[PlyCount "65"]
[EventDate "2005.12.26"]

1. d4 Nf6 2. c4 c5 3. d5 e6 4. Nc3 exd5 5. cxd5 d6 6. e4 g6 7. h3 Bg7 8. Bd3
O-O 9. Bg5 h6 10. Be3 Re8 11. Nf3 c4 12. Bc2 b5 13. a3 a6 14. O-O Nbd7 15. Re1
Bb7 16. Qd2 Kh7 17. Bd4 Qc7 18. Re2 Rad8 19. Rae1 Qb8 20. Na2 Re7 21. Qc3 Rde8
22. Kf1 Qc7 23. b4 Bxd5 24. exd5 Rxe2 25. Rxe2 Rxe2 26. Kxe2 Nxd5 27. Qe1 c3
28. Bb3 Nf4+ 29. Kf1 Bxd4 30. Nxd4 Qb7 31. f3 Ne5 32. Nxc3 Qc8 33. Ne4 1-0

[Event "Czech Chess Christmas 2005"]
[Site "Litomysl (CZE)"]
[Date "2005.12.31"]
[Round "8.7"]
[White "Kulhanek, Tomas"]
[Black "Plischki, Sebastian"]
[Result "1-0"]
[WhiteElo "2392"]
[BlackElo "2369"]
[PlyCount "90"]
[EventDate "2005.12.26"]

1. e4 c6 2. Nc3 d5 3. Nf3 dxe4 4. Nxe4 Nf6 5. Ng3 h5 6. Bc4 Bg4 7. h3 Bxf3 8.
Qxf3 e6 9. O-O Nbd7 10. Re1 Qc7 11. d4 O-O-O 12. c3 Bd6 13. Bg5 Rdf8 14. b4 h4
15. Ne4 Nxe4 16. Rxe4 Nb6 17. Bb3 Be7 18. Bf4 Bd6 19. Bd2 Qe7 20. a4 Qf6 21.
Qe2 Nd7 22. c4 Kb8 23. c5 Bc7 24. Rc1 Qd8 25. b5 Nf6 26. bxc6 bxc6 27. Rb1 Ka8
28. Qa6 Qd7 29. Ree1 Rb8 30. a5 Nd5 31. Ba4 Ne7 32. Rxb8+ Rxb8 33. Bg5 f6 34.
Be3 Rb4 35. Bc2 Nd5 36. Qd3 Rb8 37. Bd2 Bf4 38. Bxf4 Nxf4 39. Qe4 g5 40. Ba4
Rc8 41. a6 f5 42. Qf3 Nd5 43. Qh5 Rg8 44. Rb1 Nf4 45. Qf7 Rd8 1-0

[Event "Czech Chess Christmas 2005"]
[Site "Litomysl (CZE)"]
[Date "2005.12.31"]
[Round "8.11"]
[White "Vanek, Tomas"]
[Black "Jackova, Jana"]
[Result "1/2-1/2"]
[WhiteElo "2148"]
[BlackElo "2389"]
[PlyCount "34"]
[EventDate "2005.12.26"]

1. e4 e5 2. Nf3 Nc6 3. Nc3 Nf6 4. Bb5 Bb4 5. O-O d6 6. Nd5 Ba5 7. b4 Bb6 8.
Nxb6 axb6 9. d4 exd4 10. e5 dxe5 11. Nxe5 O-O 12. Nxc6 bxc6 13. Bxc6 Ra7 14.
Bf4 Be6 15. Be5 Ng4 16. Qxd4 Nxe5 17. Qxe5 Rxa2 1/2-1/2

[Event "Czech Chess Christmas 2005"]
[Site "Litomysl (CZE)"]
[Date "2005.12.31"]
[Round "8.15"]
[White "Ganaus, Hannes"]
[Black "Novotny, Michal"]
[Result "1/2-1/2"]
[WhiteElo "2320"]
[BlackElo "2233"]
[PlyCount "42"]
[EventDate "2005.12.26"]

1. Nf3 Nf6 2. c4 g6 3. b3 Bg7 4. Bb2 O-O 5. g3 b6 6. Bg2 Bb7 7. O-O c5 8. a3 d5
9. cxd5 Qxd5 10. d3 Qh5 11. Nbd2 Nc6 12. Rb1 g5 13. b4 g4 14. Ne5 Nd8 15. bxc5
Bxg2 16. Kxg2 bxc5 17. Qa4 Ne6 18. Ndc4 Nd5 19. f4 gxf3+ 20. Nxf3 Bd4 21. Bxd4
cxd4 1/2-1/2

[Event "Czech Chess Christmas 2005"]
[Site "Litomysl (CZE)"]
[Date "2005.12.31"]
[Round "8.20"]
[White "Kranjec, Toni"]
[Black "Gheorghe, Corina"]
[Result "0-1"]
[WhiteElo "2081"]
[BlackElo "2274"]
[PlyCount "44"]
[EventDate "2005.12.26"]

1. e4 c5 2. Nf3 d6 3. d4 cxd4 4. Nxd4 Nf6 5. Nc3 Nc6 6. f3 e5 7. Nb3 Be7 8. Be3
O-O 9. Qd2 a5 10. Na4 Be6 11. Nb6 Rb8 12. Nxa5 d5 13. Nxc6 bxc6 14. exd5 cxd5
15. Na4 d4 16. O-O-O Nd5 17. Bxd4 Bg5 18. Be3 Bxe3 19. Qxe3 Nxe3 20. Rxd8 Rfxd8
21. b3 Rd1+ 22. Kb2 Rxf1 0-1

[Event "Czech Chess Christmas 2005"]
[Site "Litomysl (CZE)"]
[Date "2006.01.01"]
[Round "9.2"]
[White "Urbanec, Ladislav"]
[Black "Manik, Mikulas"]
[Result "0-1"]
[WhiteElo "2260"]
[BlackElo "2474"]
[PlyCount "86"]
[EventDate "2005.12.26"]

1. e4 c5 2. Nf3 Nc6 3. d4 cxd4 4. Nxd4 Nf6 5. Nc3 d6 6. Bg5 e6 7. Qd2 a6 8.
O-O-O Bd7 9. f4 b5 10. a3 Be7 11. Be2 Qb6 12. Bf3 Nxd4 13. Qxd4 Qxd4 14. Rxd4
Bc6 15. Bh4 e5 16. Rd3 Nd7 17. Bxe7 Kxe7 18. Rhd1 exf4 19. Rxd6 Ne5 20. Rxc6
Nxc6 21. e5 Rac8 22. Nd5+ Ke6 23. Nb6 Nxe5 24. Nxc8 Rxc8 25. Bb7 Rb8 26. Bxa6
g5 27. Rd4 f3 28. gxf3 Nxf3 29. Rb4 Nxh2 30. Bxb5 Ke5 31. Kd2 f5 32. Be2 Rxb4
33. axb4 f4 34. Bh5 g4 35. b5 g3 36. Ke2 Ke4 37. b6 f3+ 38. Bxf3+ Nxf3 39. b7
Nd4+ 40. Kf1 Kf3 41. b8=Q g2+ 42. Kg1 Ne2+ 43. Kh2 g1=Q+ 0-1

[Event "Czech Chess Christmas 2005"]
[Site "Litomysl (CZE)"]
[Date "2006.01.01"]
[Round "9.4"]
[White "Bernasek, Jan"]
[Black "Vokac, Marek"]
[Result "1/2-1/2"]
[WhiteElo "2440"]
[BlackElo "2445"]
[PlyCount "122"]
[EventDate "2005.12.26"]

1. d4 d6 2. c4 e5 3. d5 g6 4. Nc3 Bg7 5. e4 Nf6 6. Bd3 a5 7. Nge2 Na6 8. O-O
O-O 9. b3 c6 10. f3 cxd5 11. cxd5 Qb6+ 12. Kh1 Bd7 13. Bg5 Rfc8 14. Qd2 Nc5 15.
Be3 a4 16. Nxa4 Bxa4 17. bxa4 Rxa4 18. Rfb1 Qa5 19. Bb5 Qxd2 20. Bxd2 Raa8 21.
Nc1 Nh5 22. Nd3 Nxd3 23. Bxd3 Nf4 24. Bf1 Rc2 25. Bb4 Bf8 26. a3 f5 27. Re1
fxe4 28. fxe4 Be7 29. g3 Nh5 30. Bd3 Rc7 31. Ra2 Nf6 32. Bb5 Rac8 33. Kg1 h5
34. h3 Kg7 35. Rd2 h4 36. g4 Nh7 37. Kg2 Ng5 38. Bd3 Rf8 39. Re3 Nf7 40. Rc2
Rfc8 41. Ree2 Bg5 42. Rxc7 Rxc7 43. Rc2 Rxc2+ 44. Bxc2 Be3 45. Be1 g5 46. Kf3
Bc5 47. a4 b6 48. Bd3 Kf6 49. Ke2 Nh8 50. Kd1 Ng6 51. Kc2 Nf4 52. Bf1 Ke7 53.
Kb3 Kd7 54. Kc4 Kc7 55. Kb5 Kb7 56. a5 bxa5 57. Bxa5 Be3 58. Bd8 Ng6 59. Bf6
Kc7 60. Ka6 Nf8 61. Bb5 Nd7 1/2-1/2

[Event "Czech Chess Christmas 2005"]
[Site "Litomysl (CZE)"]
[Date "2006.01.01"]
[Round "9.6"]
[White "Neuman, Petr"]
[Black "Biolek, Richard"]
[Result "0-1"]
[WhiteElo "2414"]
[BlackElo "2454"]
[PlyCount "86"]
[EventDate "2005.12.26"]

1. d4 f5 2. Nc3 d5 3. f3 c5 4. e4 e5 5. Bb5+ Bd7 6. Bxd7+ Nxd7 7. dxe5 d4 8.
Nd5 Nxe5 9. Ne2 fxe4 10. fxe4 Qh4+ 11. Ng3 Nf6 12. Nxf6+ Qxf6 13. Qh5+ g6 14.
Bg5 Qa6 15. Qh4 Bg7 16. Rf1 Rc8 17. a3 d3 18. Bh6 Bxh6 19. Qxh6 Rc7 20. O-O-O
Qc4 21. Qd2 Rd7 22. Kb1 dxc2+ 23. Qxc2 Qxc2+ 24. Kxc2 Rxd1 25. Rxd1 Ng4 26. Kc3
Nxh2 27. e5 Ke7 28. Ne4 Ng4 29. e6 b6 30. Rd7+ Kxe6 31. Rxa7 Ne3 32. g3 h5 33.
Rb7 Kf5 34. Kd3 Nd1 35. Rxb6 Rd8+ 36. Nd6+ Ke5 37. Ke2 Rxd6 38. Rxd6 Kxd6 39.
Kxd1 c4 40. Kd2 g5 41. Ke3 Kd5 42. Kf3 Kd4 43. Kf2 Kc5 0-1

[Event "Czech Chess Christmas 2005"]
[Site "Litomysl (CZE)"]
[Date "2006.01.01"]
[Round "9.12"]
[White "Cerveny, Martin"]
[Black "Kotan, Ladislav"]
[Result "1-0"]
[WhiteElo "2226"]
[BlackElo "2364"]
[PlyCount "79"]
[EventDate "2005.12.26"]

1. d4 d5 2. c4 e6 3. Nc3 Be7 4. Nf3 Nf6 5. Bg5 h6 6. Bxf6 Bxf6 7. cxd5 exd5 8.
e3 c6 9. Bd3 O-O 10. O-O Bg4 11. b4 a6 12. a4 Nd7 13. b5 axb5 14. axb5 Ra5 15.
Qc2 Bxf3 16. gxf3 Qa8 17. Rxa5 Qxa5 18. bxc6 bxc6 19. Rc1 Ra8 20. Ne2 Nb8 21.
Nf4 Be7 22. Bf5 Bd6 23. Nd3 g6 24. Bh3 Qd8 25. f4 Qh4 26. Kg2 g5 27. Rg1 Kh8
28. Bc8 gxf4 29. exf4 Bxf4 30. Nxf4 Qxf4 31. Qc5 Ra2 32. Kh3 Kh7 33. Qf8 Qf3+
34. Rg3 Qh5+ 35. Kg2 Rxf2+ 36. Kxf2 Qxh2+ 37. Kf3 Qh1+ 38. Rg2 Qd1+ 39. Kg3
Qe1+ 40. Kh2 1-0

[Event "Czech Chess Christmas 2005"]
[Site "Litomysl (CZE)"]
[Date "2006.01.01"]
[Round "9.20"]
[White "Svoboda, Vaclav"]
[Black "Kantorik, Marian"]
[Result "1-0"]
[WhiteElo "2008"]
[BlackElo "2326"]
[PlyCount "55"]
[EventDate "2005.12.26"]

1. e4 e5 2. Nf3 Nc6 3. d4 exd4 4. Nxd4 Qh4 5. Nb5 Qxe4+ 6. Be2 Kd8 7. O-O a6 8.
N5c3 Qg6 9. Bh5 Qf5 10. Bg4 Qg6 11. Bh5 Qf5 12. Bg4 Qc5 13. Be3 Qd6 14. Qe2 Nf6
15. Bf3 Ne5 16. Nd2 Be7 17. Rad1 Qb4 18. Rfe1 d6 19. Bg5 Nxf3+ 20. Nxf3 Be6 21.
Nd4 Qc4 22. Nxe6+ Qxe6 23. Qf3 Qc4 24. Qxb7 Rc8 25. Rxe7 Kxe7 26. Nd5+ Ke6 27.
Bxf6 gxf6 28. Re1+ 1-0

[Event "Czech Chess Christmas 2005"]
[Site "Litomysl (CZE)"]
[Date "2006.01.01"]
[Round "9.22"]
[White "Leks, Hanna"]
[Black "Cerveny, Petr"]
[Result "1/2-1/2"]
[WhiteElo "2209"]
[BlackElo "2142"]
[PlyCount "57"]
[EventDate "2005.12.26"]

1. e4 c5 2. Nf3 e6 3. c4 a6 4. Nc3 Qc7 5. Be2 Nc6 6. O-O Nd4 7. d3 Ne7 8. Nxd4
cxd4 9. Nb1 Nc6 10. f4 Be7 11. a3 O-O 12. Nd2 f5 13. exf5 Rxf5 14. Ne4 b5 15.
b3 Bb7 16. Bf3 Raf8 17. Qe2 R5f7 18. Bd2 Na5 19. Rab1 Nc6 20. b4 Kh8 21. c5 Nd8
22. Ng3 Bxf3 23. Rxf3 d6 24. Rc1 dxc5 25. bxc5 Qc6 26. Ne4 Qd5 27. Rh3 g6 28.
Rf3 Nc6 29. Rff1 1/2-1/2